Statistics for Top 15 US states by homeownership rate

Click here to take the quiz!

General Stats

  • This quiz has been taken 14 times
  • The average score is 10 of 15

Answer Stats

% rateState% Correct
6. 71.2%Maine
100%
2. 72.2%Vermont
100%
4. 71.3%New Hampshire
80%
9. 70.7%Idaho
70%
5. 71.3%Iowa
70%
10. 70.5%Utah
70%
13. 68.9%Indiana
60%
3. 71.5%Minnesota
60%
1. 72.5%West Virginia
60%
11. 70.3%Wyoming
60%
8. 71%Delaware
50%
7. 71.2%Michigan
50%
15. 68.2%Mississippi
50%
12. 69.3%South Carolina
50%
14. 68.6%Pennsylvania
40%

Score Distribution

Percentile by Number Answered

Percent of People with Each Score

Your Score History

You have not taken this quiz